[Event "Schachfestival 2018"]
[Site "Bad Woerishofen"]
[Date "2018.03.01"]
[Round "7.13"]
[White "Singer, Christoph"]
[Black "Hanisch, Sebastian"]
[Result "1-0"]
[WhiteElo "2369"]
[BlackElo "2095"]
[Annotator "chessorg"]
[PlyCount "63"]
[EventDate "2018.??.??"]
[WhiteTeam "FC Bayern Muenchen e.V."]
[BlackTeam "SC Kempten 1878"]

1. e4 d6 2. d4 Nf6 3. Nc3 e5 4. Nf3 Nbd7 5. Bc4 Be7 6. O-O c6 7. a4 a5 8. Re1
Qc7 9. b3 O-O 10. Bb2 Nb6 11. Bd3 Bg4 12. dxe5 dxe5 13. h3 Bh5 14. g4 Bg6 15.
Nh4 Rfe8 16. Qf3 Bb4 17. Rad1 Nbd7 18. Ne2 Nc5 19. Ng3 Ne6 20. Nhf5 Nd7 21. Nh5
Ndf8 22. Bc4 Bc5 23. h4 Bxh5 24. gxh5 Kh8 25. h6 g6 26. Ng7 f5 27. Nxe8 Rxe8
28. exf5 Nd4 29. Bxd4 Bxd4 30. fxg6 hxg6 31. Qf6+ Kh7 32. Bf7 1-0

[Event "BW 2018 Senioren"]
[Site "Bad Woerishofen"]
[Date "2018.03.01"]
[Round "7.14"]
[White "Heppell, Ian"]
[Black "Dietl, Robert"]
[Result "1/2-1/2"]
[WhiteElo "2035"]
[BlackElo "1912"]
[Annotator "chessorg"]
[PlyCount "37"]
[EventDate "2018.??.??"]
[WhiteTeam "Wimbledon"]
[BlackTeam "SK Koenigsbrunn"]

1. e4 e6 2. d4 d5 3. Nc3 Nf6 4. e5 Nfd7 5. f4 c5 6. Nf3 Nc6 7. Be3 a6 8. Qd2 b5
9. g3 b4 10. Ne2 a5 11. Bg2 Ba6 12. O-O g6 13. Rfe1 Be7 14. dxc5 Bxe2 15. Rxe2
Nxc5 16. Nd4 Nxd4 17. Bxd4 Rc8 18. Rc1 Na4 19. Bf1 1/2-1/2

[Event "Schachfestival 2018"]
[Site "Bad Woerishofen"]
[Date "2018.03.01"]
[Round "7.18"]
[White "Astengo, Corrado"]
[Black "Hipp, Hermann"]
[Result "1-0"]
[WhiteElo "2160"]
[BlackElo "1996"]
[Annotator "chessorg"]
[PlyCount "57"]
[EventDate "2018.??.??"]
[BlackTeam "SK Marktoberdorf"]

1. e4 c6 2. d4 d5 3. exd5 cxd5 4. c4 Nf6 5. Nc3 e6 6. a3 Nc6 7. Nf3 a5 8. Bg5
Be7 9. Bd3 h6 10. Bh4 O-O 11. O-O b6 12. Re1 dxc4 13. Bxc4 Bb7 14. Rc1 Rc8 15.
Ba2 Nd5 16. Nxd5 exd5 17. Rxc6 Bxh4 18. Rxc8 Bxc8 19. Nxh4 Qxh4 20. Bxd5 Qf6
21. Re5 Rd8 22. Qf3 Kf8 23. Qe4 g6 24. h3 Bf5 25. Qe3 Kg7 26. Bb3 Rc8 27. Re7
Qd6 28. Rxf7+ Kh8 29. Qxh6+ 1-0

[Event "Schachfestival 2018"]
[Site "Bad Woerishofen"]
[Date "2018.03.01"]
[Round "7.19"]
[White "Battistella, Stefano"]
[Black "Lochte, Thomas"]
[Result "0-1"]
[WhiteElo "2051"]
[BlackElo "2160"]
[Annotator "chessorg"]
[PlyCount "62"]
[EventDate "2018.??.??"]
[BlackTeam "SK Weilheim"]

1. Nf3 Nf6 2. b3 d5 3. Bb2 Bf5 4. d3 Nc6 5. Nh4 Qd7 6. Nxf5 Qxf5 7. e3 e5 8.
Nd2 O-O-O 9. h3 e4 10. g4 Qe6 11. g5 Nd7 12. d4 h6 13. Rg1 hxg5 14. Rxg5 Be7
15. Rxg7 Rdg8 16. Rg4 f5 17. Rxg8+ Rxg8 18. Qe2 Nb4 19. Nb1 f4 20. exf4 e3 21.
a3 Nxc2+ 22. Kd1 Nxa1 23. Bxa1 Qe4 24. Qd3 exf2 25. Qxe4 dxe4 26. Ke2 Rg3 27.
Nd2 Rd3 28. Bb2 Nf6 29. b4 Nd5 30. Nxe4 Re3+ 31. Kd2 Rxe4 0-1

[Event "BW 2018 Senioren"]
[Site "Bad Woerishofen"]
[Date "2018.03.01"]
[Round "7.21"]
[White "Harsch, Martin"]
[Black "Teubner, Wolfgang"]
[Result "1-0"]
[WhiteElo "1963"]
[BlackElo "1791"]
[Annotator "chessorg"]
[PlyCount "46"]
[EventDate "2018.??.??"]
[WhiteTeam "SK Saanenland"]
[BlackTeam "SF Blaustein"]

1. e4 g6 2. d4 Bg7 3. Nc3 e6 4. Nf3 Ne7 5. Be3 O-O 6. h4 h6 7. Qd2 Kh7 8. Bd3
d5 9. h5 dxe4 10. hxg6+ fxg6 11. Bxe4 Nf5 12. Bxf5 Rxf5 13. Bxh6 Rh5 14. Rxh5
gxh5 15. Bxg7 Kxg7 16. O-O-O Nc6 17. Rh1 Bd7 18. Rxh5 Qf6 19. Ne4 Qf8 20. Qg5+
Kf7 21. Rh7+ Ke8 22. Nf6+ Kd8 23. Nxd7+ Qe7 1-0

[Event "BW 2018 Senioren"]
[Site "Bad Woerishofen"]
[Date "2018.03.01"]
[Round "7.22"]
[White "Zindel, Ernst"]
[Black "Plischke, Berthold"]
[Result "0-1"]
[WhiteElo "1900"]
[BlackElo "1961"]
[Annotator "chessorg"]
[PlyCount "50"]
[EventDate "2018.??.??"]
[WhiteTeam "Zug"]
[BlackTeam "SV Wesel 1928 e.V."]

1. e4 e6 2. d4 d5 3. Nd2 Nf6 4. e5 Nfd7 5. f4 c5 6. c3 Nc6 7. Ndf3 cxd4 8. cxd4
Qb6 9. Ne2 f6 10. Nc3 Be7 11. Be2 O-O 12. g3 g5 13. Kf1 fxe5 14. dxe5 Ncxe5 15.
Nxe5 Nxe5 16. Kg2 Ng6 17. Rf1 gxf4 18. gxf4 Bd7 19. Bg4 Bd6 20. Qe1 Nxf4+ 21.
Bxf4 Bxf4 22. Ne2 Be3 23. Ng3 d4 24. Bf3 Qxb2+ 25. Kh1 Rxf3 0-1

[Event "Schachfestival 2018"]
[Site "Bad Woerishofen"]
[Date "2018.03.01"]
[Round "7.25"]
[White "Schroeder, Volker"]
[Black "Hehn, Hartmut"]
[Result "1/2-1/2"]
[WhiteElo "2107"]
[BlackElo "2028"]
[Annotator "chessorg"]
[PlyCount "27"]
[EventDate "2018.??.??"]
[WhiteTeam "SK Weinheim 1911 e.V."]
[BlackTeam "SV Ebersbach"]

1. c4 f5 2. Nc3 Nf6 3. g3 g6 4. Bg2 Bg7 5. d3 O-O 6. e4 fxe4 7. dxe4 e5 8. Nge2
d6 9. O-O Be6 10. b3 Nbd7 11. Nd5 Nc5 12. Bg5 a5 13. Nec3 c6 14. Nxf6+ 1/2-1/2

[Event "BW 2018 Senioren"]
[Site "Bad Woerishofen"]
[Date "2018.03.01"]
[Round "7.26"]
[White "Klein, Klaus"]
[Black "Braeu, Ludwig"]
[Result "1-0"]
[WhiteElo "1988"]
[BlackElo "1835"]
[Annotator "chessorg"]
[PlyCount "63"]
[EventDate "2018.??.??"]
[WhiteTeam "Schachfreunde Heidelberg"]
[BlackTeam "Marktoberdorf"]

1. e4 c5 2. Nf3 Nc6 3. Bb5 g6 4. Bxc6 dxc6 5. d3 Bg7 6. h3 Nf6 7. O-O Nd7 8.
Nc3 e5 9. Be3 Qe7 10. Qd2 h6 11. a4 Nf8 12. a5 Be6 13. Na4 Nd7 14. Qc3 b6 15.
b4 cxb4 16. Qxc6 O-O 17. axb6 axb6 18. Nxb6 Nxb6 19. Qxb6 Rab8 20. Qa5 Rfc8 21.
Rfc1 Qb7 22. Rab1 f6 23. Nd2 Bf8 24. Nb3 Rc6 25. Qa1 Ra8 26. Qb2 Rc3 27. Bd2
Rcc8 28. Ra1 Kf7 29. Rxa8 Rxa8 30. Be3 Rc8 31. Ra1 h5 32. Ra7 1-0

[Event "Schachfestival 2018"]
[Site "Bad Woerishofen"]
[Date "2018.03.01"]
[Round "7.28"]
[White "Stuemer, Paul"]
[Black "Fiedler, Wolfgang"]
[Result "1/2-1/2"]
[WhiteElo "2067"]
[BlackElo "2006"]
[Annotator "chessorg"]
[PlyCount "59"]
[EventDate "2018.??.??"]
[WhiteTeam "SV Bergneustadt/Derschlag"]
[BlackTeam "SK Zirndorf e.V."]

1. Nf3 g6 2. d4 Bg7 3. e4 d6 4. Bc4 Nc6 5. c3 e5 6. Bg5 f6 7. Be3 Bd7 8. Nbd2
Nge7 9. a4 Bg4 10. h3 Bxf3 11. Nxf3 exd4 12. Nxd4 Nxd4 13. Bxd4 Nc6 14. O-O Ne5
15. Ba2 Qe7 16. Qc2 Nc6 17. Be3 O-O-O 18. Rfe1 a5 19. Rad1 h5 20. Rd5 Bh6 21.
Rb5 Bxe3 22. Rxe3 b6 23. Bd5 Na7 24. Qb3 Kd7 25. Bf7 g5 26. Bg6 Nxb5 27. Qxb5+
Kc8 28. Qa6+ Kd7 29. Qb5+ Kc8 30. Qa6+ 1/2-1/2

[Event "BW 2018 Senioren"]
[Site "Bad Woerishofen"]
[Date "2018.03.01"]
[Round "7.30"]
[White "Neumann, Erwin"]
[Black "Spurga, Josef"]
[Result "1-0"]
[WhiteElo "1789"]
[BlackElo "1942"]
[Annotator "chessorg"]
[PlyCount "65"]
[EventDate "2018.??.??"]
[WhiteTeam "SK Schwaebisch Hall"]
[BlackTeam "VfL Sindelfingen"]

1. e4 c6 2. d4 d5 3. Nc3 dxe4 4. Nxe4 Bf5 5. Ng3 Bg6 6. h4 h6 7. h5 Bh7 8. Nf3
e6 9. Ne5 Nd7 10. Bd3 Bxd3 11. Nxd3 Ndf6 12. Be3 Bd6 13. Qf3 Ne7 14. O-O-O Qa5
15. Kb1 Qb5 16. Nc5 Ned5 17. Rd3 Bxc5 18. dxc5 a5 19. Rb3 Qa6 20. Bd4 a4 21.
Ra3 O-O 22. Ne4 Nd7 23. Qg4 e5 24. Rg3 g5 25. hxg6 N7f6 26. gxf7+ Kxf7 27. Nd6+
Ke7 28. Qg7+ Ke6 29. Re1 e4 30. Rg6 e3 31. fxe3 Qa5 32. Rf1 Qd8 33. e4 1-0

[Event "Schachfestival 2018"]
[Site "Bad Woerishofen"]
[Date "2018.03.01"]
[Round "7.31"]
[White "Walter, Tobias"]
[Black "Schweizer, Manfred"]
[Result "1-0"]
[WhiteElo "2034"]
[BlackElo "2048"]
[Annotator "chessorg"]
[PlyCount "65"]
[EventDate "2018.??.??"]
[WhiteTeam "SC Groebenzell"]
[BlackTeam "Post-SV Memmingen e.V."]

1. d4 d6 2. Bf4 Nf6 3. e3 g6 4. Nf3 Bg7 5. Be2 O-O 6. O-O Nbd7 7. h3 b6 8. a4
a6 9. Nbd2 c5 10. c3 Bb7 11. Qb3 e5 12. dxe5 dxe5 13. Bh2 Qe7 14. Rfd1 Bd5 15.
Bc4 Bc6 16. Be2 Bd5 17. c4 Bc6 18. Ne1 Rfd8 19. Nb1 Qe6 20. Nc3 b5 21. axb5
axb5 22. Rxa8 Rxa8 23. Nxb5 Bxb5 24. Qxb5 Rb8 25. Qa4 Rxb2 26. Kf1 Rb4 27. Qa8+
Rb8 28. Qa7 h5 29. Nf3 Re8 30. Nd2 Qc6 31. Bf3 e4 32. Nxe4 Rxe4 33. Rd6 1-0

[Event "Schachfestival 2018"]
[Site "Bad Woerishofen"]
[Date "2018.03.01"]
[Round "7.32"]
[White "Schleich, Theo"]
[Black "Tafertshofer, Matthias"]
[Result "0-1"]
[WhiteElo "1988"]
[BlackElo "2045"]
[Annotator "chessorg"]
[PlyCount "72"]
[EventDate "2018.??.??"]
[WhiteTeam "Muenchener SC 1836 e.V."]
[BlackTeam "SK Weilheim"]

1. d4 e6 2. e4 d5 3. e5 c5 4. c3 Nc6 5. Nf3 Qb6 6. a3 Nh6 7. b4 cxd4 8. cxd4
Nf5 9. Be3 Be7 10. Bd3 O-O 11. Nc3 Nxe3 12. fxe3 Bd7 13. O-O f6 14. Qc2 f5 15.
Na4 Qd8 16. Nc5 Bxc5 17. bxc5 Ne7 18. g4 g6 19. gxf5 Nxf5 20. e4 Ne3 21. Qd2
Nxf1 22. Rxf1 dxe4 23. Bxe4 Bc6 24. Ng5 Rxf1+ 25. Kxf1 Qf8+ 26. Ke1 Bxe4 27.
Nxe4 Qf3 28. Nf6+ Kg7 29. Qa5 Qh1+ 30. Kd2 Qxh2+ 31. Kc3 Qg3+ 32. Kc4 b6 33.
Qa6 Qf3 34. Qa4 Qe2+ 35. Kc3 b5 36. Qa6 b4+ 0-1

[Event "BW 2018 Senioren"]
[Site "Bad Woerishofen"]
[Date "2018.03.01"]
[Round "7.34"]
[White "Reimann, Guenther"]
[Black "Beck, Andreas"]
[Result "0-1"]
[WhiteElo "1893"]
[BlackElo "1802"]
[Annotator "chessorg"]
[PlyCount "72"]
[EventDate "2018.??.??"]
[WhiteTeam "SC Magstadt"]
[BlackTeam "TSV Germania"]

1. c4 b6 2. d3 e6 3. Nd2 Bb7 4. Ngf3 Nf6 5. g3 d6 6. Bg2 Be7 7. O-O O-O 8. a3
a5 9. b3 Nbd7 10. Bb2 Ne8 11. Qc2 f5 12. Nd4 Bxg2 13. Nxe6 Qc8 14. Kxg2 Rf7 15.
Kg1 Ne5 16. Nd4 f4 17. N4f3 Ng4 18. Kg2 Qf5 19. Rg1 fxg3 20. hxg3 Nef6 21. Raf1
c5 22. Rh1 d5 23. Nh4 Qe6 24. Ndf3 d4 25. Ng5 Qc6+ 26. Kg1 Rff8 27. Qd2 Nd7 28.
Ne4 Nde5 29. Bc1 Rf7 30. f3 Raf8 31. Ng2 h6 32. Nf4 Ne3 33. Rf2 Rxf4 34. gxf4
Qg6+ 35. Kh2 Rxf4 36. Kh3 Rh4# 0-1

[Event "BW 2018 Senioren"]
[Site "Bad Woerishofen"]
[Date "2018.03.01"]
[Round "7.35"]
[White "Klett, Thomas"]
[Black "Helbig, Dieter"]
[Result "0-1"]
[WhiteElo "1870"]
[BlackElo "1784"]
[Annotator "chessorg"]
[PlyCount "96"]
[EventDate "2018.??.??"]
[WhiteTeam "SV Urach"]
[BlackTeam "SK Weilheim"]

1. c4 c5 2. Nf3 Nf6 3. Nc3 Nc6 4. g3 g6 5. Bg2 Bg7 6. O-O O-O 7. d4 cxd4 8.
Nxd4 Nxd4 9. Qxd4 d6 10. Qd3 Nd7 11. Rd1 Rb8 12. Be3 Ne5 13. Qc2 Nxc4 14. Bxa7
Ra8 15. Bd4 Bf5 16. e4 Bg4 17. Rd3 e5 18. Be3 Nxe3 19. Rxe3 Rc8 20. Qb3 h5 21.
Nd5 Kh8 22. h3 Be6 23. Rd1 f5 24. Qb4 f4 25. Red3 fxg3 26. Rxg3 Rc2 27. Rd2
Rc1+ 28. Kh2 Bh6 29. Rxg6 Bxd5 30. Rxh6+ Kg7 31. Rxd6 Qg5 32. Rd3 Rxf2 33. Rg3
Rh1+ 34. Kxh1 Qxg3 35. Rd7+ Bf7 36. Rxf7+ Rxf7 37. Qc3 Qxc3 38. bxc3 Rc7 39.
Bf3 h4 40. Bd1 Rxc3 41. Bb3 Rxh3+ 42. Kg2 Re3 43. Bd5 b6 44. Kh2 Kf6 45. Kg2
Kg5 46. Kh2 Kf4 47. Kg2 Rxe4 48. Kh3 Rd4 0-1

[Event "Schachfestival 2018"]
[Site "Bad Woerishofen"]
[Date "2018.03.01"]
[Round "7.37"]
[White "Neumueller, Theo"]
[Black "Herold, Gunther"]
[Result "1-0"]
[WhiteElo "2026"]
[BlackElo "1949"]
[Annotator "chessorg"]
[PlyCount "45"]
[EventDate "2018.??.??"]
[WhiteTeam "SK Germering e. V."]
[BlackTeam "SC Kaufbeuren"]

1. e4 Nf6 2. e5 Nd5 3. Nc3 Nxc3 4. dxc3 Nc6 5. Bf4 d6 6. Bb5 Bd7 7. Qe2 a6 8.
Bc4 e6 9. Nf3 d5 10. Bd3 Be7 11. O-O-O b5 12. h4 Na5 13. Ng5 g6 14. Qg4 h5 15.
Qg3 Rg8 16. Nh7 Rc8 17. Bg5 Bxg5+ 18. hxg5 Rh8 19. Rxh5 gxh5 20. g6 f5 21. exf6
Rxh7 22. g7 Kf7 23. Qg6+ 1-0

[Event "BW 2018 Senioren"]
[Site "Bad Woerishofen"]
[Date "2018.03.01"]
[Round "7.37"]
[White "Blutharsch, Walter"]
[Black "De Polzer, Manfredi"]
[Result "1-0"]
[WhiteElo "1860"]
[BlackElo "1515"]
[Annotator "chessorg"]
[PlyCount "29"]
[EventDate "2018.??.??"]
[WhiteTeam "VfL Sindelfingen"]
[BlackTeam "Schachklub Eppan"]

1. d4 Nf6 2. c4 g6 3. Nc3 Bg7 4. Nf3 d6 5. e3 O-O 6. Be2 c6 7. O-O Qc7 8. e4 e5
9. d5 Nbd7 10. Qc2 a6 11. Rd1 Rb8 12. Bg5 b5 13. dxc6 Qxc6 14. Nd5 Bb7 15. Ne7+
1-0

[Event "BW 2018 Senioren"]
[Site "Bad Woerishofen"]
[Date "2018.03.01"]
[Round "7.38"]
[White "Koch, Dieter"]
[Black "Braun, Erhard"]
[Result "1/2-1/2"]
[WhiteElo "1725"]
[BlackElo "1932"]
[Annotator "chessorg"]
[PlyCount "23"]
[EventDate "2018.??.??"]
[WhiteTeam "SC Ammersee"]
[BlackTeam "Sc Reise Heusweiler"]

1. d4 Nf6 2. c4 c5 3. d5 b5 4. cxb5 a6 5. e3 g6 6. Nc3 Bg7 7. Nf3 O-O 8. Nd2 d6
9. e4 Nbd7 10. a4 axb5 11. Bxb5 Ba6 12. Qe2 1/2-1/2

[Event "BW 2018 Senioren"]
[Site "Bad Woerishofen"]
[Date "2018.03.01"]
[Round "7.40"]
[White "Suva, Karl"]
[Black "Reichwald, Klaus"]
[Result "0-1"]
[WhiteElo "1572"]
[BlackElo "1813"]
[Annotator "chessorg"]
[PlyCount "54"]
[EventDate "2018.??.??"]
[BlackTeam "SC Lohhof 1950 e.V."]

1. e4 d6 2. Nc3 Nf6 3. Bc4 e6 4. Nge2 g6 5. O-O Bg7 6. f4 O-O 7. Ng3 Nbd7 8. d3
c6 9. f5 Ne5 10. Bb3 exf5 11. exf5 d5 12. Bf4 Neg4 13. h3 Nh6 14. Qd2 Nxf5 15.
Nxf5 Bxf5 16. Bg5 Qd6 17. Rf2 Nd7 18. Raf1 Bd4 19. Kh1 Bxf2 20. Rxf2 Rfe8 21.
Ne2 Nc5 22. g4 Bd7 23. Nd4 Qg3 24. Bf6 Qxh3+ 25. Kg1 Qg3+ 26. Kf1 Bxg4 27. Nf3
Bh3+ 0-1

[Event "BW 2018 Senioren"]
[Site "Bad Woerishofen"]
[Date "2018.03.01"]
[Round "7.41"]
[White "Fitzke, Ulrich"]
[Black "Schnell, Franz"]
[Result "1-0"]
[WhiteElo "1812"]
[BlackElo "1733"]
[Annotator "chessorg"]
[PlyCount "65"]
[EventDate "2018.??.??"]
[WhiteTeam "SV Bau-Union e.V."]
[BlackTeam "SV Trossingen"]

1. d4 d5 2. c4 c6 3. e3 Nf6 4. Nc3 Bf5 5. Bd3 Bxd3 6. Qxd3 e6 7. Nf3 Be7 8. O-O
O-O 9. Bd2 Nbd7 10. c5 b6 11. b4 a5 12. a3 axb4 13. axb4 b5 14. h3 Qc7 15. Rfe1
e5 16. dxe5 Nxe5 17. Nxe5 Qxe5 18. Qd4 Qc7 19. e4 dxe4 20. Nxe4 Nxe4 21. Qxe4
Rxa1 22. Rxa1 Bf6 23. Bf4 Qb7 24. Rd1 h6 25. Rd6 Bg5 26. Bxg5 hxg5 27. Qxc6 Qe7
28. Kf1 Re8 29. g3 Qe1+ 30. Kg2 Re2 31. Qf3 Rb2 32. Rd8+ Kh7 33. Qh5# 1-0

[Event "Schachfestival 2018"]
[Site "Bad Woerishofen"]
[Date "2018.03.01"]
[Round "7.43"]
[White "Distelrath, Oliver"]
[Black "Kievelitz, Bernd"]
[Result "1-0"]
[WhiteElo "1962"]
[BlackElo "1924"]
[Annotator "chessorg"]
[PlyCount "54"]
[EventDate "2018.??.??"]
[WhiteTeam "SV Unser Fritz Wanne-Eickel 1955 e.V."]
[BlackTeam "SC Zitadelle Spandau 1977 e.V."]

1. e4 c5 2. Nc3 a6 3. f4 b5 4. g3 Bb7 5. Bg2 d6 6. d3 Nf6 7. Nf3 e6 8. O-O Qc7
9. e5 Nfd7 10. f5 Nxe5 11. fxe6 f6 12. Nxe5 dxe5 13. Nd5 Bxd5 14. Bxd5 Ra7 15.
c4 Nc6 16. Qh5+ Kd8 17. Bd2 Nd4 18. b4 cxb4 19. Rac1 Qd6 20. a3 Nxe6 21. Qg4
Nd4 22. Bxb4 Qd7 23. Ba5+ Ke8 24. Qh5+ g6 25. Qh4 Ne2+ 26. Kg2 Nxc1 27. Qxf6
Qg7 1-0

[Event "BW 2018 Senioren"]
[Site "Bad Woerishofen"]
[Date "2018.03.01"]
[Round "7.43"]
[White "Fuchs, Joachim"]
[Black "Koppenhoefer, Heinz"]
[Result "1-0"]
[WhiteElo "1767"]
[BlackElo "1589"]
[Annotator "chessorg"]
[PlyCount "69"]
[EventDate "2018.??.??"]
[WhiteTeam "SC Starnberg"]
[BlackTeam "TSV Solln Schachabteilung"]

1. d4 d5 2. c4 e6 3. Nf3 Nf6 4. e3 Be7 5. Nc3 O-O 6. Bd3 dxc4 7. Bxc4 Nbd7 8.
O-O Nb6 9. Bd3 Re8 10. Qe2 c6 11. a3 Bd6 12. h3 Qc7 13. Bd2 e5 14. dxe5 Bxe5
15. Nxe5 Qxe5 16. Qf3 Qe7 17. Rac1 Be6 18. Bb1 Rad8 19. Ne4 Nxe4 20. Qxe4 f5
21. Qc2 Qf7 22. Ba5 Rd5 23. Bb4 Rb5 24. Bc5 Nc4 25. Bd4 a6 26. a4 Ra5 27. Bc3
Rd5 28. Ba2 Rc5 29. Bb4 Nxe3 30. Qxc5 Nxf1 31. Bxe6 Qxe6 32. Rxf1 g6 33. Re1
Qd7 34. Qc4+ Qd5 35. Rxe8+ 1-0

[Event "Schachfestival 2018"]
[Site "Bad Woerishofen"]
[Date "2018.03.01"]
[Round "7.44"]
[White "Roemhild, Marcus"]
[Black "Riegler, Dieter"]
[Result "1-0"]
[WhiteElo "2054"]
[BlackElo "1999"]
[Annotator "chessorg"]
[PlyCount "63"]
[EventDate "2018.??.??"]
[WhiteTeam "Bielefelder SK von 1883"]
[BlackTeam "SF Heidelberg"]

1. c4 g6 2. Nc3 Bg7 3. g3 c5 4. Bg2 Nc6 5. a3 d6 6. e3 e5 7. Nge2 Nge7 8. Rb1
Rb8 9. b4 Bf5 10. d3 Qd7 11. h3 Qc8 12. g4 Be6 13. Qa4 b6 14. Nb5 Qd7 15. Nec3
O-O 16. Nd5 Bxd5 17. cxd5 Nd8 18. Bd2 f5 19. Nc3 Qxa4 20. Nxa4 Nb7 21. Ke2 Rfe8
22. Rhc1 Kf7 23. Nc3 Ng8 24. Nb5 a6 25. Nc7 Re7 26. Nxa6 Ra8 27. b5 h6 28. Rg1
Nf6 29. gxf5 gxf5 30. e4 f4 31. Bf3 Ree8 32. Nc7 1-0

[Event "Schachfestival 2018"]
[Site "Bad Woerishofen"]
[Date "2018.03.01"]
[Round "7.45"]
[White "Santl, Anton"]
[Black "Lindenmair, Anton"]
[Result "0-1"]
[WhiteElo "1891"]
[BlackElo "1993"]
[Annotator "chessorg"]
[PlyCount "82"]
[EventDate "2018.??.??"]
[WhiteTeam "Schach-Union Muenchen e.V."]
[BlackTeam "DBSB"]

1. d4 Nf6 2. c4 g6 3. Nf3 Bg7 4. Nc3 O-O 5. e4 d6 6. g3 e5 7. Bg2 Nc6 8. O-O
Bg4 9. dxe5 Nxe5 10. Qe2 Nfd7 11. h3 Nxf3+ 12. Bxf3 Bxh3 13. Bg2 Bxg2 14. Kxg2
Re8 15. Qc2 Ne5 16. b3 Qf6 17. Rb1 Qf3+ 18. Kg1 Ng4 19. Nb5 Re5 20. Qc3 Qxc3
21. Nxc3 Ra5 22. Nb5 Rxa2 23. Nxc7 Rc8 24. Nd5 Kf8 25. Ne3 Ne5 26. Rd1 Nf3+ 27.
Kg2 Ng5 28. Rxd6 Nxe4 29. Rd7 Rxf2+ 30. Kg1 Re2 31. Ba3+ Kg8 32. Rxb7 h6 33.
Nd5 Re8 34. Be7 Nxg3 35. Bf6 Nf5 36. Rxa7 Ne3 37. Rba1 Nxd5 38. Bxg7 Kxg7 39.
cxd5 Re1+ 40. Rxe1 Rxe1+ 41. Kf2 Rd1 0-1

[Event "Schachfestival 2018"]
[Site "Bad Woerishofen"]
[Date "2018.03.01"]
[Round "7.46"]
[White "Naumkin, Igor"]
[Black "Adiyaman, Rene"]
[Result "1-0"]
[WhiteElo "2430"]
[BlackElo "2046"]
[Annotator "chessorg"]
[PlyCount "91"]
[EventDate "2018.??.??"]
[BlackTeam "SV Welper 1922/DBSB"]

1. d4 d5 2. c4 e6 3. Nf3 Nf6 4. Nc3 c6 5. e3 Bd6 6. Bd3 Nbd7 7. O-O O-O 8. e4
dxc4 9. Bxc4 e5 10. h3 exd4 11. Nxd4 Ne5 12. Be2 Ng6 13. f4 Bc5 14. Be3 Qe7 15.
Qd3 Rd8 16. Rad1 Qc7 17. Qc4 Bb6 18. Kh1 Bxd4 19. Rxd4 Be6 20. Qc5 b6 21. Qg5
c5 22. Rxd8+ Rxd8 23. Bc1 Qe7 24. f5 h6 25. Qg3 Nxe4 26. Nxe4 Bxf5 27. Rxf5
Qxe4 28. Rf2 Rd7 29. b3 Qb1 30. Qe3 Kh7 31. Kh2 Re7 32. Qd2 Qe4 33. Bd3 Qe5+
34. Kg1 Qd6 35. Bb2 Qc6 36. Qc3 f6 37. Qc2 Re1+ 38. Rf1 Rxf1+ 39. Kxf1 Qe8 40.
Qe2 Qd7 41. Qe4 Qf7 42. h4 f5 43. Qxf5 Qxf5+ 44. Bxf5 h5 45. g4 Kh6 46. Bc1+
1-0

[Event "BW 2018 Senioren"]
[Site "Bad Woerishofen"]
[Date "2018.03.01"]
[Round "7.46"]
[White "Straeßer, Gerda"]
[Black "Winter, Bernd"]
[Result "1/2-1/2"]
[WhiteElo "1658"]
[BlackElo "1925"]
[Annotator "chessorg"]
[PlyCount "59"]
[EventDate "2018.??.??"]
[WhiteTeam "SV Rottweil"]
[BlackTeam "Muenchener SC 1836"]

1. e4 c5 2. Nf3 Nc6 3. d4 cxd4 4. Nxd4 e6 5. Be3 Nf6 6. Nc3 a6 7. a3 Qc7 8. Be2
Be7 9. O-O O-O 10. Qd2 d6 11. f3 Bd7 12. Rac1 Nxd4 13. Bxd4 Bc6 14. Rfd1 Nd7
15. Kh1 h6 16. Be3 Kh7 17. Bd3 Ne5 18. Be2 b5 19. Bf4 Rad8 20. Qe1 Ng6 21. Be3
Qb7 22. b4 Bf6 23. Bd4 Bg5 24. Rb1 Rfe8 25. Bd3 Nf4 26. Qf2 Nxd3 27. Rxd3 e5
28. Be3 Bxe3 29. Qxe3 f5 30. Rbd1 1/2-1/2

[Event "BW 2018 Senioren"]
[Site "Bad Woerishofen"]
[Date "2018.03.01"]
[Round "7.47"]
[White "Schuessler, Thomas G"]
[Black "Kelemen, Norbert"]
[Result "1/2-1/2"]
[WhiteElo "1811"]
[BlackElo "1661"]
[Annotator "chessorg"]
[PlyCount "44"]
[EventDate "2018.??.??"]
[WhiteTeam "SC 1926 Wiesloch"]
[BlackTeam "SC Weiße Dame Ulm e.V."]

1. c4 c5 2. g3 Nf6 3. Bg2 d5 4. cxd5 Nxd5 5. Qb3 Nb6 6. d3 e5 7. Nf3 Nc6 8. Ng5
Qc7 9. Bxc6+ bxc6 10. O-O h6 11. Nf3 Be6 12. Qc2 Bd6 13. b3 O-O 14. Ba3 Qe7 15.
Rc1 Nd7 16. Nbd2 f5 17. Nc4 Bc7 18. Ncd2 Bd6 19. Bb2 Rae8 20. Nc4 Bd5 21. Nxd6
Qxd6 22. Ne1 f4 1/2-1/2

[Event "Schachfestival 2018"]
[Site "Bad Woerishofen"]
[Date "2018.03.01"]
[Round "7.48"]
[White "Auschkalnis, Reinhard"]
[Black "Hoeller, Armin"]
[Result "0-1"]
[WhiteElo "1755"]
[BlackElo "2003"]
[Annotator "chessorg"]
[PlyCount "50"]
[EventDate "2018.??.??"]
[WhiteTeam "SC Bonn Beuel"]
[BlackTeam "SK Weilheim"]

1. e4 e5 2. Nf3 Nc6 3. Bc4 Nf6 4. d3 Be7 5. O-O d6 6. a4 Be6 7. Ba2 Qd7 8. c3
h6 9. Re1 g5 10. Na3 g4 11. Nd2 h5 12. Nf1 h4 13. Nc2 O-O-O 14. d4 Bxa2 15.
Rxa2 d5 16. exd5 Qxd5 17. Ra1 h3 18. Nce3 Qe6 19. Ng3 exd4 20. Nef5 Qd5 21.
Nxe7+ Nxe7 22. f3 d3 23. Be3 hxg2 24. Kxg2 gxf3+ 25. Qxf3 Rxh2+ 0-1

[Event "BW 2018 Senioren"]
[Site "Bad Woerishofen"]
[Date "2018.03.01"]
[Round "7.48"]
[White "Dallmeier, Gerhard"]
[Black "Giacchino, Claudio"]
[Result "0-1"]
[WhiteElo "1790"]
[BlackElo "1650"]
[Annotator "chessorg"]
[PlyCount "62"]
[EventDate "2018.??.??"]
[WhiteTeam "SK Roland Weißenfels"]
[BlackTeam "Scacchistica torinese"]

1. e4 e5 2. Nf3 Nc6 3. Bb5 Nf6 4. d3 a6 5. Ba4 Bd6 6. O-O O-O 7. c3 Be7 8. Re1
b5 9. Bb3 d6 10. h3 Bd7 11. Nbd2 Qc8 12. Nf1 Bd8 13. Ng3 Ne7 14. Nh2 Be6 15. f4
exf4 16. Bxf4 Ng6 17. Be3 Be7 18. Rf1 Ne5 19. Nf5 Bd8 20. Bc2 d5 21. d4 Nc4 22.
Bc1 dxe4 23. Bxe4 Nxe4 24. b3 Ncd6 25. Qg4 Bxf5 26. Rxf5 Qxf5 27. Nf3 Qxg4 28.
hxg4 Nxc3 29. Bb2 Ne2+ 30. Kf2 Nf4 31. Re1 Nd3+ 0-1

[Event "Schachfestival 2018"]
[Site "Bad Woerishofen"]
[Date "2018.03.01"]
[Round "7.49"]
[White "Wltschek, Christian"]
[Black "Koch, Harald"]
[Result "1/2-1/2"]
[WhiteElo "1832"]
[BlackElo "1918"]
[Annotator "chessorg"]
[PlyCount "28"]
[EventDate "2018.??.??"]
[WhiteTeam "SG Post/Sued Regensburg"]
[BlackTeam "SK Kissing"]

1. e4 Nc6 2. d4 d5 3. Nc3 dxe4 4. d5 Nb8 5. Nxe4 Nf6 6. Nxf6+ exf6 7. Nf3 Be7
8. Be2 c6 9. dxc6 Qxd1+ 10. Bxd1 Nxc6 11. O-O O-O 12. c3 Rd8 13. Be3 Be6 14.
Be2 Ne5 1/2-1/2

[Event "BW 2018 Senioren"]
[Site "Bad Woerishofen"]
[Date "2018.03.01"]
[Round "7.50"]
[White "Thiel, Harry"]
[Black "Kumeth, Hartmut"]
[Result "0-1"]
[WhiteElo "1611"]
[BlackElo "1757"]
[Annotator "chessorg"]
[PlyCount "68"]
[EventDate "2018.??.??"]
[WhiteTeam "Schachpinguine Berlin e.V."]
[BlackTeam "SK Union Oldenburg"]

1. e4 e5 2. Nf3 Nc6 3. Bc4 Be7 4. Nc3 Nf6 5. d3 d6 6. h3 Be6 7. Bxe6 fxe6 8.
Be3 d5 9. Bg5 O-O 10. Qd2 d4 11. Ne2 Qd7 12. O-O Nh5 13. Nh2 Bxg5 14. Qxg5 Nf4
15. Ng3 h6 16. Qg4 Rf7 17. Nh5 Raf8 18. Nf6+ Rxf6 19. g3 Qf7 20. h4 Rg6 21. Qd1
Nh5 22. Kh1 Nf6 23. f4 exf4 24. Rxf4 Rxg3 25. Qe1 Qg6 26. Qf2 Nd7 27. Rxf8+
Nxf8 28. Rf1 Nd7 29. h5 Qg5 30. Qf7+ Kh7 31. Qxd7 Qxh5 32. Qxe6 Rg5 33. Qf7 Qe2
34. Qxc7 Qg2# 0-1